000 01114cam a2200265 4500
001 WB3946-11
008 031203n2003 000 0 eng u
035 _a(Sirsi) u124553
245 _aEU may break architects' design monopoly
260 _c2003
490 _aRICS Press Release
_v(pr117) 3 December 2003 (2)
520 _aAfter a two year RICS campaign, an EU directive giving an unfair advantage to architects looks set to be updated. The amended draft directive now states that building design can be carried out by other professionals beyond architects. This is good news for quantity and building surveyors working in construction. The amendments will go to a full vote of the European Parliament on 17 December.
590 _aWB
650 _aEUROPE
650 _aEC DIRECTIVES
650 _aQUANTITY SURVEYORS
650 _aBUILDING SURVEYORS
650 _aARCHITECTS
650 _aMONOPOLY
650 _aEUROPEAN PARLIAMENT
650 _aPROFESSIONAL QUALIFICATIONS
650 _aCONSTRUCTION INDUSTRY
690 _aMANAGEMENT-BUSINESS MANAGEMENT-PROFESSIONAL PRACTICE
942 _n0
999 _c73916
_d73916